Statistics for Towns and cities: guess the region (5)

Click here to take the quiz!

General Stats

  • This quiz has been taken 5 times
  • The average score is 9 of 20

Answer Stats

HintAnswer% Correct
ÞórshöfnLanganesbyggð
100%
ÅNordland
100%
Fquih Ben SalahBéni Mellal-Khénifra
67%
TaxcoGuerrero
67%
eKuPhakameniKwaZulu-Natal
67%
Pimple SaudagarMaharashtra
67%
Pyin Oo LwinMandalay
67%
KangiqsujuaqQuebec
67%
PrnjavorRepublika Srpska
67%
Juan Emilio O'LearyAlto Paraná
33%
Double Head CabbageBelize District
33%
A dos Cunhados e MaceiraComunidade Intermunicipal do Oeste
33%
Narva-JõesuuIda-Viru
33%
MooselookmegunticMaine
33%
Humpty DooNorthern Territory
33%
NetherthongWest Yorkshire
33%
GogogogoAtsimo-Andrefana
0%
AkjoujtInchiri
0%
TriangleMasvingo
0%
XaafuunPuntland
0%

Score Distribution

Percentile by Number Answered

Percent of People with Each Score

Your Score History

You have not taken this quiz